[Event "GER CCM-E02-C email"]
[Site "GER email"]
[Date "2018.06.19"]
[Round "?"]
[White "Lanin, Boris Aleksandrovic"]
[Black "Parente, Antonio"]
[Result "1/2-1/2"]
[WhiteElo "2038"]
[BlackElo "2069"]
[PlyCount "104"]
[EventDate "2018.??.??"]
[EventType "tourn (corr)"]
[EventRounds "13"]
[EventCountry "GER"]
[SourceTitle "Corr 2022"]
[Source "ChessBase"]
[SourceDate "2021.10.24"]
[SourceVersion "1"]
[SourceVersionDate "2021.10.24"]
[SourceQuality "1"]

1. e4 c5 2. c3 e6 3. d4 d5 4. exd5 exd5 5. Be3 cxd4 6. Bxd4 Nc6 7. Nf3 Nxd4 8. Qxd4 a6 9. Bd3 Nf6 10. 0-0 Be7 11. Nbd2 0-0 12. h3 Re8 13. Rfe1 Qc7 14. Nb3 Bd7 15. Bc2 Bd6 16. Qd2 Bf4 17. Qd4 Bd6 18. Qd2 a5 19. Rxe8+ Rxe8 20. Nbd4 Ne4 21. Qd3 a4 22. a3 Qb6 23. Rb1 Bc5 24. Qe3 h6 25. Qd3 Qg6 26. Nh4 Qd6 27. Nhf3 Qb6 28. Qe3 Re7 29. Qf4 Kh7 30. Bd3 g5 31. Qc1 f5 32. Qc2 Qf6 33. Rd1 Kh8 34. b4 axb3 35. Qxb3 g4 36. hxg4 fxg4 37. Bxe4 dxe4 38. Nh2 e3 39. fxe3 Rxe3 40. Qc2 g3 41. Nf1 Qf2+ 42. Qxf2 gxf2+ 43. Kxf2 Rxc3 44. Ne3 Ba4 45. Rd2 Rxa3 46. Kf3 Be7 47. Ndf5 Bc6+ 48. Ke2 Bg5 49. g3 Ra5 50. Nd6 Kg8 51. Rd3 Kg7 52. Kf2 h5 1/2-1/2

[Event "GER CCM-E02-C email"]
[Site "GER email"]
[Date "2018.06.19"]
[Round "?"]
[White "Parente, Antonio"]
[Black "Maikov, Evgeny Dmitrievich"]
[Result "1/2-1/2"]
[WhiteElo "2069"]
[BlackElo "2023"]
[PlyCount "79"]
[EventDate "2018.??.??"]
[EventType "tourn (corr)"]
[EventRounds "13"]
[EventCountry "GER"]
[SourceTitle "Corr 2020"]
[Source "ChessBase"]
[SourceDate "2019.09.30"]
[SourceVersion "1"]
[SourceVersionDate "2019.09.30"]
[SourceQuality "1"]

1. e4 c5 2. Nf3 Nc6 3. d4 cxd4 4. Nxd4 Nf6 5. Nc3 e5 6. Ndb5 d6 7. Bg5 a6 8. Bxf6 gxf6 9. Na3 f5 10. Nc4 fxe4 11. Nxe4 Nd4 12. c3 d5 13. Ned6+ Bxd6 14. Nxd6+ Qxd6 15. cxd4 e4 16. Rc1 Rg8 17. g3 Bg4 18. Be2 Bh3 19. Qb3 Kf8 20. Kd2 Rg6 21. Rc5 Rd8 22. Qe3 Rf6 23. g4 Bg2 24. Rg1 Bf3 25. Rg3 b6 26. Rc2 Re8 27. Bxa6 Ra8 28. Be2 Bxe2 29. Kxe2 Rxa2 30. Qg5 Ra8 31. Qe5 Qxe5 32. dxe5 Re6 33. Rb3 Rxe5 34. Rxb6 d4 35. Rc4 Rd8 36. Rf6 Rd7 37. Rf4 h5 38. g5 Rxg5 39. Rxe4 d3+ 40. Kd2 1/2-1/2

[Event "GER CCM-E02-C email"]
[Site "GER email"]
[Date "2018.06.19"]
[Round "?"]
[White "Rihtaric, Ivan"]
[Black "Parente, Antonio"]
[Result "0-1"]
[WhiteElo "2082"]
[BlackElo "2069"]
[PlyCount "74"]
[EventDate "2018.??.??"]
[EventType "tourn (corr)"]
[EventRounds "13"]
[EventCountry "GER"]
[SourceTitle "Corr 2020"]
[Source "ChessBase"]
[SourceDate "2019.09.30"]
[SourceVersion "1"]
[SourceVersionDate "2019.09.30"]
[SourceQuality "1"]

1. e4 e6 2. Nc3 d5 3. d4 Nf6 4. e5 Nfd7 5. f4 Be7 6. Nf3 0-0 7. Be3 c5 8. Qd2 b6 9. 0-0-0 c4 10. f5 b5 11. f6 gxf6 12. Bh6 fxe5 13. dxe5 Nc6 14. Qf4 Kh8 15. Nxb5 Rg8 16. Nd6 Bxd6 17. exd6 f6 18. Qe3 Rb8 19. Nd4 Nxd4 20. Qxd4 Bb7 21. Bd2 e5 22. Qf2 Nb6 23. Bb4 d4 24. Ba3 Bd5 25. c3 dxc3 26. bxc3 Be4 27. Bb4 Na4 28. Qe3 f5 29. Rd5 Bxd5 30. Qxe5+ Rg7 31. Qxd5 Rxb4 32. cxb4 Qf6 33. Kd2 Rg4 34. Qa8+ Rg8 35. Qxa7 Qxd6+ 36. Ke3 Nb6 37. Qf7 Nd5+ 0-1